The International journal of art & design education.

Bibliographic Details
Previous Title:Journal of art & design education (Online)
Uniform Title:International journal of art & design education (Online)
Corporate Author: National Society for Education in Art and Design (Great Britain)
Format: Journal
Language:English
Published: Oxford : Blackwell, 2000-
Subjects:
Online Availability: Check for online availability

MARC

Tag First Indicator Second Indicator Subfields
LEADER 00000cas a2200000 a 4500
001 in00002004196
005 20250630141902.8
006 m o d
007 cr unu---uuuuu
008 000908c20009999enkqr poo 0 0eng c
010 |a  2010250524 
019 |a 300966856 
022 0 |a 1476-8070  |l 1476-8062  |2 2 
029 0 |a AU@  |b 000027295746 
029 1 |a AU@  |b 000043827259 
029 1 |a AU@  |b 000044920465 
029 1 |a NZ1  |b 12441298 
029 1 |a NZ1  |b 13709240 
029 1 |a NZ1  |b 16252146 
035 |a (OCoLC)ocn224320559 
035 |a (OCoLC)224320559  |z (OCoLC)300966856 
040 |a AU@  |b eng  |c AU@  |d TXJ  |d OCLCQ  |d BUF  |d OCLCE  |d CO3  |d SERSO  |d OCLCQ  |d OCLCF  |d OCLCO  |d OCLCQ  |d TXA  |d UtOrBLW 
042 |a pcc 
049 |a TXAM 
050 0 0 |a N81  |b .J68 
130 0 |a International journal of art & design education (Online) 
222 4 |a The International journal of art & design education  |b (Online) 
245 1 4 |a The International journal of art & design education. 
246 1 3 |a Journal of art & design education 
246 3 |a International journal of art and design education 
246 1 3 |a JADE 
264 1 |a Oxford :  |b Blackwell,  |c 2000- 
310 |a Quarterly,  |b <2023>- 
321 |a Three numbers a year,  |b 2000- 
336 |a text  |b txt  |2 rdacontent 
337 |a computer  |b c  |2 rdamedia 
338 |a online resource  |b cr  |2 rdacarrier 
362 0 |a Vol. 19, no. 1 (2000)- 
538 |a Mode of access: World Wide Web. 
550 |a Published under the auspices of the National Society for Education in Art and Design. 
588 |a Description based on: Vol. 19, no. 1 (2000); title from journal information screen (Wiley InterScience, viewed Apr. 1, 2010). 
588 |a Latest issue consulted: Vol. 29, no. 1 (Feb. 2010) (viewed Apr. 1, 2010). 
500 |a Electronic resource. 
650 0 |a Design  |x Study and teaching  |v Periodicals. 
650 0 |a Art  |x Study and teaching  |v Periodicals.  |0 http://id.loc.gov/authorities/subjects/sh2009115932 
650 7 |a Art  |x Study and teaching.  |2 fast  |0 (OCoLC)fst00815338 
650 7 |a Design  |x Study and teaching.  |2 fast  |0 (OCoLC)fst00891293 
655 7 |a Periodicals.  |2 fast  |0 (OCoLC)fst01411641 
710 2 |a National Society for Education in Art and Design (Great Britain)  |0 http://id.loc.gov/authorities/names/n86096569 
776 0 8 |i Print version:  |t International journal of art & design education  |x 1476-8062  |w (DLC) 00251114  |w (OCoLC)43753703 
780 0 0 |t Journal of art & design education (Online)  |w (DLC) 2010250519  |w (OCoLC)224318566 
949 |a updated  |b h  |c 2017/2/20  |e spoltoratski  |f 3:03:04 pm 
994 |a C0  |b TXA 
999 f f |s 431779ed-fd73-3aa2-bfb6-092d1d9e2d81  |i 30213947-3286-37e8-b853-e9ebd1ffa4a6  |t 0 
952 f f |a Texas A&M University  |b College Station  |c Electronic Resources  |d Available Online  |t 0  |e N81 .J68  |g Electronic  |h Library of Congress classification 
998 f f |a N81 .J68  |t 0  |l Available Online